000 00357nam a22001337a 4500
999 _c523475
_d523475
008 230905b ||||| |||| 00| 0 eng d
100 _aNag, Amitava
_943173
245 _aJourney of Indian cinema
260 _aYojana (Special issue)
300 _a67(8), Aug, 2023: p.65-69
773 _aYojana (Special issue)
906 _aMASS MEDIA
942 _cAR